1973 1182 1653 1164 1830 1892 1699 1387 1931 1803 1850 1136 1559 1673 1503 1415 1856 1494 1131 1263 1423 1889 1773 1524 1100 1556 1639 1809 1053 1314 1776 1032 1326 1140 1186 1419 1560 1732 1584 1036 1582 1634 1284 1418 1924 1895 1461 1332 1454 1245 1877 1249 1972 1769 1236 1239 1397 1038 1315 1019 1190 1940 1841 1439 1744 1936 1349 1057 1166 1877 1631 1221 1989 1709 1718 1544 1642 1559 1755 1778 1682 1120 1898 1351 1003 1467 1343 1663 1949 1637 1099 1574 1664 1224 1130 1918 1715 1844 1215 BCNSPRNW ULIB Ver.6.0+V

เปลี่ยนเป็นภาษาไทย

Change to English
 แสดงรายละเอียดบรรณานุกรม
  กลับหน้าหลัก

Brief Record : Get Marc (ISO 2709) : E-mail record : QR code < ปิดหน้าต่าง
LEADER : 00000nam 2200000uu 4500
001    13399114198
003     ULIB
008    120302s2554||||th 000 0 tha d
020    ^a9789740326397
060 04 ^aWK140^bว712ค
100 0  ^aวิโรจน์ ไววานิชกิจ
245 10 ^aความรู้เบื้องต้นเกี่ยวกับการตรวจทางห้องปฏิบัติการสำหรับโรคต่อมไร้ท่อขั้นพื้นฐาน /^cวิโรจน์ ไววานิชกิจ
250    ^aพิมพ์ครั้งที่ 2
260    ^aกรุงเทพฯ :^bสำนักพิมพ์แห่งจุฬาลงกรณ์มหาวิทยาลัย,^c2554
300    ^a60 หน้า :^bภาพประกอบ ;^c30 ซม.
650  7 ^aการวินิจฉัยโรคทางห้องปฏิบัติการ
650  7 ^aต่อมไร้ท่อ, โรค^xการวินิจฉัยโรคทางห้องปฏิบัติการ
945    ^p300^l0^i18846
945    ^p300^l0^i18847
995    ^aกัณชพร
999 ^a ใช้งานได้ทุกระบบ
รายการนี้ยังไม่มีแท็ก
คุณยังไม่ได้ล็อกอิน คุณสามารถมีกิจกรรมร่วมกับเว็บไซต์ได้ แต่ต้องล็อกอินก่อน ::
  ล็อกอิน

รายการสื่อสารสนเทศ

ลำดับที่ ประเภท เลขเรียก/บาร์โค้ด สถานที่ สถานะ
1. วิทยาศาสตร์การแพทย์ และสุขภาพ
วิทยาศาสตร์การแพทย์ และสุขภาพ
สถานะ=หนังสือเก่า
WK140 ว712ค  
  Barcode: 18846
ห้องสมุดวิทยาเขตนครสวรรค์
►ส่วนจัดเก็บหนังสือเก่า นว.
บนชั้น
  ขอยืม
2. วิทยาศาสตร์การแพทย์ และสุขภาพ
วิทยาศาสตร์การแพทย์ และสุขภาพ
สถานะ=หนังสือเก่า
WK140 ว712ค ฉ.2 
  Barcode: 18847
ห้องสมุดวิทยาเขตนครสวรรค์
►ส่วนจัดเก็บหนังสือเก่า นว.
บนชั้น
  ขอยืม

รายการใกล้เคียง
    ผู้แต่ง [วิโรจน์ ไววานิชกิจ]

    หัวเรื่อง [การวินิจฉัยโรคทางห้องปฏิบัติการ]

BibComment


ยังไม่เคยถูกคอมเมนท์

คอมเมนท์ทรัพยากรรายการนี้
  คอมเมนท์: ความรู้เบื้องต้น..


 Copyright 2026. Bcnsprnw @Library